<?xml version="1.0" encoding="UTF-8"?>
<collection xmlns="http://www.loc.gov/MARC21/slim">
<record>
  <controlfield tag="001">7474</controlfield>
  <controlfield tag="005">20260219162553.0</controlfield>
  <datafield tag="024" ind1="7" ind2=" ">
    <subfield code="a">10.1051/0004-6361/202555324</subfield>
    <subfield code="2">DOI</subfield>
  </datafield>
  <datafield tag="037" ind1=" " ind2=" ">
    <subfield code="a">SCART-2025-0104</subfield>
  </datafield>
  <datafield tag="100" ind1=" " ind2=" ">
    <subfield code="a">Sayez, Niels</subfield>
  </datafield>
  <datafield tag="245" ind1=" " ind2=" ">
    <subfield code="a">Mitigating hallucination with non-adversarial strategies for image-to-image translation in solar physics</subfield>
  </datafield>
  <datafield tag="260" ind1=" " ind2=" ">
    <subfield code="c">2025</subfield>
  </datafield>
  <datafield tag="520" ind1=" " ind2=" ">
    <subfield code="a">Context. Image-to-image translation using generative adversarial networks (GANs) has become a standard approach across numerous scientific domains, including heliophysics research. However, GANs are inherently prone to generating hallucinations in their outputs - a characteristic that, while acceptable in some applications, becomes problematic in physics-bound domains. Given that heliophysics research requires strict adherence to physical events, this tendency to produce artificial artifacts should raise significant concerns about their reliability in scientific applications. Aims. This work aim at measuring the discrepancy between GAN-generated solar images and real observations in two heliophysics applications. Another model producing outputs significantly more faithful to the underlying solar phenomena is proposed and com- pared with a GAN-based solution. Methods. We compare two deep learning models: a generative adversarial network architecture based on Pix2Pix, widely adopted in heliophysics and a model trained in a non-adversarial setup and leveraging input-dependent guidance. Results. GANs consistently fall short of conventional models in physics-constrained applications due to hallucinated features. Ad- ditional conditioning of deep learning networks with physics-based constraints significantly enhances cross-modal image-to-image translation.</subfield>
  </datafield>
  <datafield tag="536" ind1=" " ind2=" ">
    <subfield code="a">B2 /</subfield>
    <subfield code="c">191/</subfield>
    <subfield code="f">P2/DeepSun</subfield>
  </datafield>
  <datafield tag="594" ind1=" " ind2=" ">
    <subfield code="a">STCE</subfield>
  </datafield>
  <datafield tag="653" ind1="1" ind2=" ">
    <subfield code="a">Image-to-image Translation </subfield>
  </datafield>
  <datafield tag="653" ind1="1" ind2=" ">
    <subfield code="a">Generative Adversarial Networks</subfield>
  </datafield>
  <datafield tag="653" ind1="1" ind2=" ">
    <subfield code="a">Feature Modulation</subfield>
  </datafield>
  <datafield tag="653" ind1="1" ind2=" ">
    <subfield code="a">Style Transfer </subfield>
  </datafield>
  <datafield tag="653" ind1="1" ind2=" ">
    <subfield code="a">Photosphere </subfield>
  </datafield>
  <datafield tag="653" ind1="1" ind2=" ">
    <subfield code="a">Chromosphere</subfield>
  </datafield>
  <datafield tag="653" ind1="1" ind2=" ">
    <subfield code="a">Solar corona</subfield>
  </datafield>
  <datafield tag="700" ind1=" " ind2=" ">
    <subfield code="a">De Vleeschouwer, Christophe</subfield>
  </datafield>
  <datafield tag="700" ind1=" " ind2=" ">
    <subfield code="a">Delouille, Veronique</subfield>
  </datafield>
  <datafield tag="700" ind1=" " ind2=" ">
    <subfield code="a">Bechet, Sabrina </subfield>
  </datafield>
  <datafield tag="700" ind1=" " ind2=" ">
    <subfield code="a">Lefèvre, Laure</subfield>
  </datafield>
  <datafield tag="773" ind1=" " ind2=" ">
    <subfield code="p">Astronomy &amp; Astrophysics</subfield>
    <subfield code="v">702</subfield>
  </datafield>
  <datafield tag="856" ind1="0" ind2=" ">
    <subfield code="f">veronique.delouille@ksb-orb.be</subfield>
  </datafield>
  <datafield tag="905" ind1=" " ind2=" ">
    <subfield code="a">published in</subfield>
  </datafield>
  <datafield tag="980" ind1=" " ind2=" ">
    <subfield code="a">REFERD</subfield>
  </datafield>
</record>
</collection>